Top 5 des séries les plus regardées depuis 2019 - Statistiques

Statistiques générales
  • Ce quiz a été pris 39 fois
  • Le résultat moyen est 3 sur 35
Statistiques - réponses
Top 2025 % Correct
1 Squid Game
59%
1 Stranger Things
51%
1 Stranger Things
51%
3 Friends
24%
2 Grey's Anatomy
22%
2 Grey's Anatomy
22%
4 Grey's Anatomy
22%
3 Grey's Anatomy
22%
2 Grey's Anatomy
22%
4 Grey's Anatomy
22%
3 Bridgerton
5%
2 Lucifer
5%
5 The Big Bang Theory
5%
1 Suits
3%
1 The Office
3%
2 The Office
3%
1 Bluey
0%
1 Bluey
0%
2 Bluey
0%
4 Bob's Burgers
0%
5 Cocomelon
0%
3 Cocomelon
0%
5 Cocomelon
0%
4 Criminal Minds
0%
3 Criminal Minds
0%
5 Encanto
0%
3 Family Guy
0%
4 NCIS
0%
5 NCIS
0%
3 NCIS
0%
2 NCIS
0%
5 NCIS
0%
5 NCIS
0%
4 Ozark
0%
4 Ozark
0%
Aucun quiz correspondant
Distribution des résultats
% des personnes avec chaque résultat
Percentile par nombre de réponses
Votre historique - résultats
Vous n’avez pas pris ce quiz